Historia de las teorías : introducción a la filosofía universal / Fernando Herrera Vargas (Registro nro. 186147)

000 -LEADER
fixed length control field 00782cam a2200265 a 4500
001 - CONTROL NUMBER
control field 186147
003 - CONTROL NUMBER IDENTIFIER
control field OSt
005 - DATE AND TIME OF LATEST TRANSACTION
control field 20180921
008 - FIXED-LENGTH DATA ELEMENTS--GENERAL INFORMATION
fixed length control field 0000001990 mx AD 0000000000spa00
020 ## - NUMERO DE LIBRO INTERNACIONAL NORMALIZADO
International Standard Book Number 968-409-542-2
040 ## - CATALOGING SOURCE
Original cataloging agency DLC
Transcribing agency DLC
100 ## - ASIENTO PRINCIPAL -- NOMBRE PERSONAL
Personal name Herrera Vargas, Fernando
245 ## - TÍTULO PROPIAMENTE DICHO: SUBTÍTULO
Title Historia de las teorías : introducción a la filosofía universal
Statement of responsibility, etc. Fernando Herrera Vargas
260 ## - PUBLICATION, DISTRIBUTION, ETC.
Place of publication, distribution, etc. México :
Name of publisher, distributor, etc. Edamex
300 ## - PHYSICAL DESCRIPTION
Extensión 230 p.
504 ## - BIBLIOGRAPHY, ETC. NOTE
Bibliography, etc. note Incluye índice
505 ## - NOTA DE CONTENIDO
Formatted contents note Texto complementario para los estudiantes de secundaria y preparatoria
650 ## - ASIENTO SECUNDARIO DE MATERIA -- TERMINO TEMÁTICO
Termino Temático Como Elemento de Entrada Filosofía
-- hombre prehistórico
942 ## - ADDED ENTRY ELEMENTS (KOHA)
Source of classification or shelving scheme
Koha item type Libros
Existencias
Withdrawn status Lost status Source of classification or shelving scheme Damaged status Not for loan Permanent Location Current Location Date acquired Full call number Koha item type
          Biblioteca Central. Universidad Central del Este Biblioteca Central. Universidad Central del Este 2018-08-17 CG 109 H565h 1990 Libros
          Biblioteca Central. Universidad Central del Este Biblioteca Central. Universidad Central del Este 2018-08-17 CG 109 H565h 1990 Libros